[Event "50th-ITA-ch-Teams-2018"]
[Site "Gallipoli"]
[Date "2018.04.30"]
[Round "5"]
[White "Begelman, Boris"]
[Black "Sellitti, Federico"]
[Result "1/2-1/2"]
[WhiteElo "2259"]
[BlackElo "2204"]
[Annotator "TA"]
[PlyCount "110"]
[EventDate "2018.??.??"]
[EventType "team-tourn"]
[EventCountry "ITA"]
[SourceTitle "playchess.com"]
[Source "ChessBase"]
[SourceQuality "1"]

{[%evp 23,110,17,20,4,20,20,15,20,40,38,39,31,24,25,25,22,90,97,80,85,132,131,131,137,163,67,116,109,166,167,168,154,152,152,152,178,164,146,130,125,152,96,140,94,94,94,110,113,97,97,92,62,75,92,166,199,188,184,151,104,138,144,129,49,89,81,188,260,224,0,0,0,90,0,0,0,0,0,0,0,0,0,0,0,0,0,0,0,0]} 1. d4 Nf6 2. c4 e6 3. Nf3 b6 4. g3 Bb7 5. Bg2 Bb4+ 6. Bd2 Bxd2+ 7. Qxd2 O-O 8. O-O d6 9. Nc3 Ne4 10. Nxe4 Bxe4 11. Qf4 Bb7 12. e4 {E16: Queen's Indian: 4 g3 Bb7 5 Bg2 Bb4+} (12. d5 e5 13. Qd2 a5 14. b3 Nd7 15. a3 Qe7 16. e4 Nc5 17. Qe3 a4 18. b4 Nb3 19. Rad1 Bc8 {1-0 (35) Swiercz,D (2645)-Grabinsky,A (2348) chess.com INT 2017}) 12... Nd7 {LiveBook: 14 Games} 13. b4 Qe7 $146 ({Predecessor:} 13... a5 14. a3 Qe7 15. Qe3 e5 16. d5 Ra7 17. Bh3 Rfa8 18. b5 Nc5 19. Nd2 Bc8 20. Bxc8 Rxc8 {½-½ (39) Sriram,J (2436)-Kunal,M (2250) Mumbai 2012}) 14. d5 a5 15. a3 Qf6 16. Qxf6 Nxf6 17. Nd4 e5 18. Nb5 $36 {[%cal Bd4b5,Bb5c3,Bc3a4][%mdl 2080] White is more active.} Ne8 19. Rfc1 c6 (19... f5 $11 {remains equal.}) 20. Nc3 $16 cxd5 21. cxd5 Nf6 22. Na4 b5 23. Nc3 $1 Ba6 24. Bh3 (24. bxa5 $18 Rfc8 25. Rab1) 24... g5 25. f3 {[%cal Bf2f3,Bf3g4,Bg4g5][%mdl 32]} g4 (25... Rfb8 $16 {might work better.}) 26. fxg4 $18 Bc8 27. Bg2 Bd7 28. g5 $1 {[%cal Rg5f6]} Nh5 29. Bf1 Rfb8 30. a4 bxa4 31. b5 Kg7 32. Kf2 (32. Nxa4 $142 Bxb5 33. Bxb5 Rxb5 34. Rc6) 32... Kg6 $16 33. h4 ({Don't play} 33. Nxa4 $6 Bxb5 34. Bxb5 Rxb5 $14) 33... f6 34. gxf6 ({Reject} 34. Nxa4 $6 fxg5 35. Rab1 Rf8+ 36. Kg2 gxh4 $15) 34... Rf8 35. Be2 ({Don't take} 35. Rxa4 Rxf6+ 36. Kg2 Raf8 $11) 35... Nxf6 36. Ke3 Bg4 37. Rxa4 Bxe2 38. Nxe2 {Strongly threatening Rc6.} Ng4+ (38... Rfb8 $16) 39. Kd2 $1 $18 Rfb8 40. Nc3 Rf8 41. Rca1 Rf2+ 42. Ne2 Nf6 43. R1a3 (43. Rxa5 $16 Nxe4+ 44. Ke3) 43... Kh5 44. Rxa5 Nxe4+ (44... Rb8 $16 {was called for.}) 45. Ke3 Raf8 46. Kxe4 $2 (46. Ra2 $18 Nc5 47. Nf4+ $1 {[%mdl 512]} R2xf4 48. gxf4 Rxf4 49. Ra7) 46... Rxe2+ {[%mdl 4096] Endgame KRR-KRR} 47. Kd3 Re1 {[#]} (47... Rb2 $11 {keeps the balance.}) 48. Ra1 (48. Ra7 $1 $16) 48... Rf3+ $11 {The position is equal.} 49. Kd2 Re4 50. Rb1 Rd4+ 51. Ke2 Kg4 52. Ra7 Re4+ 53. Kd2 Rd4+ 54. Ke2 {aiming for Rg7+.} Re4+ 55. Kd2 Rd4+ {Precision: White = 57%, Black = 51%.} 1/2-1/2

[Event "50th-ITA-ch-Teams-2018"]
[Site "Gallipoli"]
[Date "2018.04.30"]
[Round "5"]
[White "Seresin, Francesco"]
[Black "Di Benedetto, Edoardo"]
[Result "1/2-1/2"]
[WhiteElo "2246"]
[BlackElo "2280"]
[Annotator "TA"]
[PlyCount "151"]
[EventDate "2018.??.??"]
[EventType "team-tourn"]
[EventCountry "ITA"]
[SourceTitle "playchess.com"]
[Source "ChessBase"]
[SourceQuality "1"]

{[%evp 19,151,0,18,8,27,31,25,33,32,23,26,22,70,28,33,27,55,49,47,37,41,45,39,14,21,23,19,12,0,0,0,0,0,0,0,0,0,0,8,0,0,0,0,0,0,0,3,-1,41,15,51,51,51,51,51,54,77,77,77,77,77,77,77,77,77,77,84,84,84,84,84,84,204,0,86,77,77,77,77,77,77,77,77,77,77,77,77,77,77,77,77,77,77,26,26,22,50,0,77,0,77,77,77,69,77,77,77,77,77,77,77,0,72,0,26,26,50,50,56,56,56,56,78,7,7,7,7,7,7,7,7,8,14,14]} 1. d4 d5 2. c4 e6 3. Nc3 c6 4. e3 Nf6 5. Nf3 Nbd7 6. Qc2 Bd6 7. Be2 dxc4 8. a4 O-O 9. O-O e5 10. Bxc4 Qe7 11. b3 {D45: Semi-Slav: 5 e3} e4 12. Ng5 {[%cal Rc3e4]} Bxh2+ 13. Kxh2 {White has an edge.} Ng4+ {[%cal Bf6g4,Bg4h6,Bh6f5][%mdl 32]} 14. Kg1 Qxg5 15. Qxe4 Ndf6 $146 ({Predecessor:} 15... Nb6 16. Be2 Be6 17. a5 Nd5 18. Nxd5 cxd5 {½-½ (49) Almiron,L (2593)-Marti Pericot,J (2473) ICCF email 2010}) 16. Qf4 (16. Qf3 {feels hotter.} Qh4 17. Qh3 Qxh3 18. gxh3 Nh6 19. e4) 16... Qxf4 17. exf4 Nh6 18. d5 cxd5 19. Nxd5 Nxd5 20. Bxd5 Rd8 21. Bf3 Nf5 22. Bb2 Be6 23. a5 Bd5 {White must now prevent ...Bxf3.} 24. Bxd5 Rxd5 25. Rfd1 Rad8 26. Rxd5 Rxd5 $11 {[%mdl 4096] Endgame KRB-KRN} 27. a6 bxa6 28. Rxa6 Rd1+ 29. Kh2 Rd2 30. Rxa7 {Ra8+ would kill now.} f6 31. Ba3 Rxf2 32. b4 {And now b5 would win.} Nd6 ({Of course not} 32... Rxf4 $6 33. b5 $16) 33. Bc1 Nc4 34. Rc7 Rc2 35. b5 $1 Rxc1 $14 {[#] KRN-KR} 36. b6 $1 {[%mdl 512]} Rb1 (36... Nxb6 37. Rxc1) 37. b7 Nd6 38. Rc8+ $1 Kf7 39. b8=Q Rxb8 40. Rxb8 $16 {KR-KN} h5 41. Ra8 Nf5 42. Ra5 Kg6 43. Kg1 Nh6 44. Kf2 Nf5 45. Kf3 Nh4+ {[#]} (45... Nd6 $16 46. Rc5 Nf5) 46. Kf2 (46. Ke4 $1 $18 {and the rest is easy.} Kh6 47. g3) 46... Nf5 47. g3 Nd4 48. Ke3 Nf5+ 49. Kf3 Nd6 50. Rc5 Nf5 51. Rd5 Ne7 52. Rd2 (52. Rd4 {with more complications.} Kf7 53. Ra4 g6 54. Ra5 Nf5 55. Rc5) 52... Nf5 53. Rd3 Nh6 54. Ke4 Nf5 55. Ra3 Nd6+ 56. Kd5 (56. Kf3 $16) 56... Nf5 $11 57. Rd3 {With the idea Ke4.} Nh6 58. Ke4 Nf5 59. Ra3 Nd6+ 60. Kf3 Nf5 61. Rc3 Nd4+ 62. Ke4 Nf5 63. Rd3 Ne7 64. Rb3 Nf5 65. Ra3 Nd6+ 66. Kd5 Nf5 67. Rc3 Nh6 68. Ke6 Nf5 69. Rd3 Nh6 $1 70. Rd5 Ng4 71. f5+ ({White should try} 71. Rb5 $16) 71... Kg5 {The position is equal.} 72. Rd7 Kh6 73. Rd8 {Rh8+ is the strong threat.} Ne3 74. Rd3 Ng4 75. Ra3 {Black should prevent Rb3.} Ne5 76. Ra8 {Precision: White = 64%, Black = 71%.} 1/2-1/2

[Event "50th-ITA-ch-Teams-2018"]
[Site "Gallipoli"]
[Date "2018.04.30"]
[Round "5"]
[White "Andreoni, Giuseppe"]
[Black "Djuric, Stefan"]
[Result "1/2-1/2"]
[WhiteElo "2197"]
[BlackElo "2371"]
[Annotator "TA"]
[PlyCount "93"]
[EventDate "2018.??.??"]
[EventType "team-tourn"]
[EventCountry "ITA"]
[SourceTitle "playchess.com"]
[Source "ChessBase"]
[SourceQuality "1"]

{[%evp 12,93,91,63,68,50,64,89,66,87,65,20,27,28,47,46,59,39,42,47,53,45,54,12,23,22,22,25,11,7,10,16,85,0,0,-14,127,57,46,-9,73,58,215,217,213,219,214,212,310,269,369,370,409,405,536,534,526,518,664,676,614,321,286,0,575,0,411,295,719,452,433,147,416,0,0,0,0,0,0,0,0,0,0,0]} 1. e4 c5 2. Nf3 g6 3. d4 Bg7 4. dxc5 Qa5+ 5. c3 Qxc5 6. Na3 {B27: Sicilian: 2 Nf3, unusual Black 2nd moves} Qa5 (6... Nf6 7. Be3 Qa5 8. Nc4 Qc7 9. e5 Ng4 10. Bf4 b5 11. Ne3 Nxe3 12. fxe3 e6 13. Bxb5 Qb6 {½-½ (32) Nepomniachtchi,I (2705)-Guseinov,G (2649) Ashdod 2015}) 7. Bc4 {LiveBook: 3 Games. Black must now prevent Qb3.} Nf6 8. e5 {White is slightly better.} Ng4 $1 9. Bxf7+ $1 Kxf7 10. Ng5+ Kg8 11. Qxg4 $146 {[#] Threatens to win with Qc4+.} (11. Nc4 $5 {[%cal Rc4a5]} Qb5 12. Qxg4 $14) ({Predecessor:} 11. Nc4 Qb5 12. Qxg4 Nc6 13. a4 Qd5 {½-½ (52) Ilyin,P (2283)-Hammerschmidt,V (1940) ICCF email 2013}) 11... Qxe5+ 12. Be3 Nc6 13. Rd1 h6 14. Qc4+ e6 15. Nf3 Qh5 16. O-O d5 17. Qh4 Qxh4 18. Nxh4 g5 19. Nf3 Kh7 20. Rfe1 Bd7 21. h3 b5 (21... b6 $11) 22. Bxg5 (22. Nxb5 $16 Rhg8 23. Bd4) 22... b4 $11 23. cxb4 Bxb2 {[#]} (23... hxg5 $11 24. Nxg5+ Kg8 25. Nxe6 Bxe6 26. Rxe6 Nxb4) 24. b5 (24. Nc4 $1 $16 {[%mdl 512]}) 24... Nb4 $1 $14 25. Bc1 (25. Nc4 $14 Bg7 26. Bf4) 25... Bxc1 (25... Bxa3 $1 $11 {keeps the balance.} 26. Bxa3 Nc2) 26. Rxc1 $16 Nd3 $2 (26... Rhc8 $14) 27. Rc7 $18 Nxe1 28. Rxd7+ Kg6 29. Nxe1 Rhc8 (29... Rhd8 {was called for.} 30. Rxd8 Rxd8) 30. Nac2 Rc4 31. Kh2 Ra4 32. Nd3 Rc8 33. Ne3 h5 34. f4 Rc3 35. Ne5+ Kh6 36. Nf7+ Kg6 37. Ne5+ $2 (37. Nd1 Rc1 38. Ne5+ Kh6 39. g4 hxg4 40. Nf2 g3+ 41. Kxg3 Rg1+ 42. Kf3 Ra3+ 43. Nfd3) 37... Kh6 38. Nf7+ $2 (38. g4 $18 {[%csl Gf4][%cal Rg4g5]} Rxf4 39. h4 hxg4 40. N3xg4+ Rxg4 41. Nxg4+ Kh5 42. Ne5 Kxh4 43. Rxa7 Rc2+ 44. Kg1 Rc1+ 45. Kf2) 38... Kg7 $2 {[%mdl 8192]} (38... Kg6 $1 $11 39. Ne5+) 39. Ng5+ Kf8 $2 (39... Kg6) 40. Nh7+ Ke8 41. Nf6+ Kf8 42. Nexd5 $2 ({White must play} 42. Nd1 $18 Rc2 43. f5 (43. Nxh5 Raxa2 44. Ne3 Re2 $11) 43... exf5 44. Rxd5) 42... exd5 $11 {The position is equal.} 43. Nxd5 Rd3 44. b6 axb6 45. Nxb6 Rxd7 46. Nxd7+ Ke7 47. Ne5 {Precision: White = 57%, Black = 48%.} 1/2-1/2

[Event "50th-ITA-ch-Teams-2018"]
[Site "Gallipoli"]
[Date "2018.04.30"]
[Round "5"]
[White "Imbraguglia, Fabio"]
[Black "Stromboli, Carlo"]
[Result "0-1"]
[WhiteElo "2087"]
[BlackElo "2306"]
[Annotator "TA"]
[PlyCount "74"]
[EventDate "2018.??.??"]
[EventType "team-tourn"]
[EventCountry "ITA"]
[SourceTitle "playchess.com"]
[Source "ChessBase"]
[SourceQuality "1"]

{[%evp 22,74,25,31,26,45,42,22,14,25,12,13,36,40,26,0,18,0,44,6,12,0,13,18,19,29,14,21,45,-11,-27,-123,-122,-127,-124,-126,-130,-278,-169,-178,-144,-344,-210,-213,-196,-186,-166,-165,-168,-257,-167,-666,-657,-1116,-1077]} 1. e4 e5 2. Nf3 Nc6 3. Bb5 a6 4. Ba4 Nf6 5. O-O b5 6. Bb3 Bc5 7. a4 Bb7 {C78: Ruy Lopez: Archangelsk and Möller Defences} (7... Rb8 8. c3 d6 9. d4 Bb6 10. axb5 axb5 11. Na3 O-O 12. Nxb5 Bg4 13. Bc2 exd4 14. Nbxd4 Nxd4 15. cxd4 Bxf3 16. gxf3 Nh5 17. f4 Qh4 18. Ra3 d5 19. exd5 f5 20. Qf3 Rbd8 21. Rc3 {1-0 (60) Harikrishna,P (2733)-Erdos,V (2624) Antalya 2017}) 8. c3 d6 9. d4 Bb6 10. Bg5 exd4 11. cxd4 h6 12. Bxf6 {LiveBook: 10 Games} Qxf6 13. Bd5 O-O 14. Na3 Rfb8 {[%cal Rc6d4]} 15. Nc2 bxa4 16. Rxa4 {[#]} Ne7 $146 17. Bxb7 Rxb7 18. Qd3 a5 19. Ne3 Qg6 20. Nh4 Qf6 21. Nf3 Re8 22. Rc1 Ng6 23. Nd5 Qe6 24. Nd2 Qg4 25. Ne3 (25. b3 $14) 25... Qd7 26. Ra2 (26. Rca1 $11) 26... Nf4 $17 27. Qa6 Ra7 28. Qc4 Bxd4 29. Nf5 (29. Nd5 $17 Ne6 30. Nb3) 29... Bb6 30. Kh1 Re5 ({Stronger than} 30... Bxf2 31. Qf1 $16) 31. Qc6 $2 {[#]} (31. Rd1 $17 {was necessary.}) 31... Qe6 32. Ra3 Rc5 33. Rxc5 Bxc5 34. Rg3 Nh5 $40 {[%mdl 128] Black goes for the king.} 35. Rg4 (35. Rf3 $142) 35... g6 $19 {[#] aiming for ...Nf6.} ({Don't take} 35... Bxf2 36. Qc3 $17) 36. b3 $2 (36. Nxh6+ Kh7 37. Nf5 gxf5 38. Rh4) 36... Kh7 37. Ng3 Qxg4 {Precision: White = 23%, Black = 56%.} 0-1

[Event "50th-ITA-ch-Teams-2018"]
[Site "Gallipoli"]
[Date "2018.04.30"]
[Round "5"]
[White "Buonanno, Raffaele"]
[Black "Tomba, Ivan"]
[Result "1/2-1/2"]
[WhiteElo "1975"]
[BlackElo "2318"]
[Annotator "TA"]
[PlyCount "94"]
[EventDate "2018.??.??"]
[EventType "team-tourn"]
[EventCountry "ITA"]
[SourceTitle "playchess.com"]
[Source "ChessBase"]
[SourceQuality "1"]

{[%evp 11,94,33,53,43,44,47,43,56,58,33,40,35,33,43,54,52,52,53,140,131,137,143,150,19,16,27,19,17,10,8,6,0,0,0,0,0,0,0,0,0,25,0,0,-16,311,321,325,329,835,160,138,179,145,182,189,185,169,162,147,137,119,87,161,0,0,0,0,0,2,0,0,0,0,0,0,0,360,8,25,0,14,0,0,0,0]} 1. d4 e6 2. c4 b6 3. e4 Bb7 4. Bd3 Bb4+ 5. Bd2 Bxd2+ 6. Qxd2 {A40: Unusual replies to 1 d4} d6 {LiveBook: 9 Games} 7. Nf3 Nd7 8. Nc3 {White is slightly better.} Ne7 {[%cal Bg8e7,Be7g6,Bg6f4][%mdl 32]} 9. O-O O-O 10. b4 $146 ({Predecessor:} 10. Bc2 Ng6 11. Rfe1 {1-0 (53) Maiorov,N (2524)-Epishin,V (2587) Neustadt an der Weinstrasse 2009}) 10... Ng6 11. Rfe1 e5 12. d5 Nf4 13. Bf1 Qf6 14. Qe3 Qh6 (14... a5 $14) 15. g3 $16 Nh3+ 16. Kg2 $1 g5 17. Nxg5 (17. Kh1 $16) 17... Nxg5 $11 18. h4 f6 {With the idea ...Nf7.} 19. hxg5 fxg5 20. Be2 Nf6 21. c5 Bc8 22. Rh1 Qg6 23. f3 $36 {[%mdl 2048] White has the initiative.} g4 24. f4 exf4 25. gxf4 Re8 {[%cal Rf6e4]} 26. e5 Bf5 27. Bb5 Nxd5 $2 {[%mdl 8192]} (27... Re7 $1 $11 {and Black stays safe.}) 28. Bc4 $18 (28. Nxd5 Be4+ 29. Kg3 Bxd5 $16) 28... c6 29. cxd6 Qxd6 $2 (29... a5 30. Rhd1 Rac8 31. Nxd5 cxd5 32. Bxd5+ Kf8 33. bxa5 bxa5) 30. Qd4 $2 (30. Nxd5 $18 {and the rest is easy.} cxd5 31. exd6 Rxe3 32. Bxd5+ Re6 33. Rae1) 30... Qg6 $16 31. Nxd5 {Ne7+ would kill now.} Be4+ {[#]} 32. Kg3 $1 {Threatening mate with Ne7+.} cxd5 33. Bxd5+ Bxd5 34. Qxd5+ Kh8 {[#]} 35. Rad1 $1 Rac8 36. Rd3 Rc2 (36... Qf5 $16 {is a better defense.}) 37. Qd7 $2 ({Better is} 37. Rh4 $18) 37... Rf8 $11 38. e6 {Hoping for e7.} Re2 $1 39. Qd4+ Kg8 40. Re3 Rxe3+ 41. Qxe3 {[%mdl 4096] Endgame KQR-KQR} Re8 42. e7 Qf7 43. Re1 {Black must now prevent Qe5.} Qh5 $2 {[%mdl 8192]} (43... Qd5 $1 $11) 44. Qb3+ $2 ({White has to play} 44. Qe6+ $18 Kg7 45. f5 (45. Qxg4+ Qxg4+ 46. Kxg4 Kf6 $14) 45... Qh3+ 46. Kf4 Qh2+ 47. Ke3 (47. Kxg4 Qg2+ 48. Kf4 Qf2+ 49. Kg4 Qg2+ 50. Kh5 Qh2+ 51. Kg4 Qg2+ $11)) 44... Kg7 45. Qc3+ Kg8 {Threatens to win with ...Qh3+.The position is equal.} 46. Qb3+ Kg7 47. Qc3+ Kg8 {Precision: White = 43%, Black = 59%.} 1/2-1/2

[Event "50th-ITA-ch-Teams-2018"]
[Site "Gallipoli"]
[Date "2018.04.30"]
[Round "6"]
[White "Granda Zuniga, Julio E"]
[Black "Vazquez Igarza, Renier"]
[Result "1/2-1/2"]
[WhiteElo "2640"]
[BlackElo "2558"]
[Annotator "TA"]
[PlyCount "146"]
[EventDate "2018.??.??"]
[EventType "team-tourn"]
[EventCountry "ITA"]
[SourceTitle "playchess.com"]
[Source "ChessBase"]
[SourceQuality "1"]

{[%evp 14,146,-12,-17,-14,-16,-8,-27,-11,-25,0,-12,-16,-10,-16,-12,0,0,16,22,16,0,6,-15,0,0,20,0,0,0,1,0,14,0,23,-39,-45,-62,-16,-8,-11,-11,-13,-17,-7,-10,11,0,35,0,0,0,114,108,124,118,187,191,177,186,250,264,290,290,286,181,170,0,0,0,101,108,100,86,88,102,91,15,15,16,16,18,18,0,36,0,0,0,0,0,0,0,0,0,0,0,0,0,16,16,25,25,25,25,50,50,50,0,50,7,7,7,90,90,90,90,90,50,90,90,90,50,90,25,90,0,0,0,0,0,0,0,0,0,0]} 1. d4 Nf6 2. c4 e6 3. Nc3 Bb4 4. e3 O-O 5. Nge2 d5 6. a3 Be7 7. Nf4 c6 8. b3 {LiveBook: 14 Games} Bd6 $146 {E46: Nimzo-Indian: Rubinstein: 4 e3 0-0 5 Ne2 without early Bd3} ({Predecessor:} 8... Nbd7 9. Bb2 Re8 10. Qc2 Bd6 11. Be2 dxc4 12. Bxc4 e5 13. dxe5 Nxe5 14. Be2 Bg4 15. h3 Bxe2 16. Nfxe2 {½-½ (47) Neverov,V (2492)-Goudriaan,E (2369) Amsterdam 2013}) 9. Nd3 Nbd7 10. Bb2 b6 {Black has an edge.} 11. Be2 Bb7 12. O-O dxc4 13. bxc4 c5 14. f4 cxd4 15. exd4 Ne4 16. Nxe4 Bxe4 17. Qb3 Rc8 18. Rad1 Qe7 19. Ne5 f6 20. Ng4 Kh8 21. Qe3 Bf5 22. Kh1 Rfe8 23. Rc1 Nf8 24. Rc3 (24. g3 $11) 24... Ng6 $15 25. g3 Qd7 {Hoping for ...e5.} 26. Qf3 Bf8 27. Rd1 Ne7 28. Ne3 Bg6 29. h4 h5 30. Qg2 Kg8 31. Bf3 Bf7 32. Kh2 Nf5 (32... Red8 $11) 33. Nxf5 $16 exf5 {[#]} 34. c5 $1 {[%mdl 512]} Qa4 (34... bxc5 $16 {is a better defense.} 35. dxc5 Qa4) 35. c6 $18 Bd6 36. d5 b5 (36... Re4 {might work better.} 37. Bxe4 Qxd1 38. Bxf5 Rc7) 37. Qc2 Qxc2+ 38. Rxc2 Re3 39. Kg2 a5 40. Bd4 $2 (40. Bc1 $18 Rb3 41. Rb2 Rxb2+ 42. Bxb2) 40... Rxf3 $1 $11 41. Bc5 Bxc5 (41... Rxa3 $11 42. Bxd6 b4) 42. Rxc5 $16 {[#]} Bxd5 $1 43. Rdxd5 $11 {[%mdl 4096] Endgame KRR-KRR} (43. Rcxd5 Rc3) 43... Re3 ({But not} 43... Rxa3 $2 44. c7 $18) 44. Rd7 {And now c7 would win.} Kf8 45. c7 (45. Rxb5 $16 {Black must now prevent c7.} Rxc6 46. Rb8+ Re8 47. Rxe8+ Kxe8 48. Rxg7) 45... Re7 46. Rd8+ Re8 47. Rxe8+ Kxe8 48. Rxb5 Rxc7 49. Rxf5 {KR-KR} a4 50. Rxh5 Rc3 51. Ra5 Rxa3 52. h5 Kf7 53. Kh3 Kg8 54. Kg4 Kh7 55. Ra8 Ra1 56. Kf5 Rg1 57. g4 Rb1 58. Rxa4 Rb5+ 59. Ke4 Kh6 60. Rd4 Ra5 61. Ke3 Ra3+ 62. Kf2 {Black should prevent Rd6.} Rb3 (62... f5 $11 {keeps the balance.}) 63. Rd8 $16 {[%cal Rd8h8]} Kh7 64. Re8 Ra3 65. Re3 Ra4 66. Kf3 Kh6 67. Kg3 Rb4 68. Re8 ({White should play} 68. Ra3 $16) 68... Kh7 (68... Rb3+ $11 69. Kg2 Kh7) 69. g5 (69. Re7 $16) 69... fxg5 $11 {The position is equal.} 70. fxg5 Rb3+ 71. Kf4 {g6+ would kill now.} Rb4+ 72. Kf5 Rb5+ 73. Kf4 {Intending g6+ and mate.} Rb4+ $1 {Precision: White = 52%, Black = 53%.} 1/2-1/2

[Event "50th-ITA-ch-Teams-2018"]
[Site "Gallipoli"]
[Date "2018.04.30"]
[Round "6"]
[White "Krasenkow, Michal"]
[Black "Sadzikowski, Daniel"]
[Result "1-0"]
[WhiteElo "2626"]
[BlackElo "2582"]
[Annotator "TA"]
[PlyCount "61"]
[EventDate "2018.??.??"]
[EventType "team-tourn"]
[EventCountry "ITA"]
[SourceTitle "playchess.com"]
[Source "ChessBase"]
[SourceQuality "1"]

{[%evp 13,61,14,24,0,0,0,1,-19,-15,-11,-18,-18,-24,-6,0,0,2,10,54,41,35,11,90,80,86,97,76,95,180,187,172,174,176,180,156,182,147,165,121,0,0,0,0,0,0,0,894,887,1144,1096]} 1. d4 Nf6 2. c4 e6 3. Nf3 d5 4. Nc3 Bb4 5. Qa4+ Nc6 6. e3 O-O 7. Qc2 {D38: Queen's Gambit Declined: Ragozin Defence (4 Nf3 Bb4)} (7. a3 Bxc3+ 8. bxc3 Bd7 9. Qc2 Na5 10. cxd5 exd5 11. Bd3 Re8 12. O-O c5 13. dxc5 Rc8 14. a4 Rxc5 {1-0 (39) Yu,Y (2751)-Harikrishna,P (2744) Huaian 2017}) 7... Re8 {LiveBook: 44 Games} 8. Be2 e5 9. cxd5 {The position is equal.} Nxd5 $146 {[#] And now ...exd4 would win.} ({Predecessor:} 9... exd4 10. dxc6 dxc3 11. O-O bxc6 12. bxc3 Bd6 13. Rd1 Qe7 14. Nd4 Bd7 15. Nf3 Bc8 16. Nd4 Bd7 17. Nf3 Bc8 {½-½ (17) Kavinda,A (1986)-Thilakarathne,G (1974) Colombo 2016}) 10. O-O exd4 11. exd4 h6 12. Bb5 Bf8 13. a3 Nxc3 14. bxc3 {[%cal Bb2c3,Bc3c4,Bc4c5][%mdl 32]} a6 15. Bd3 Qd5 16. Bf4 Bd6 17. Rfe1 Bf5 (17... Bg4 $11 18. Ne5 Nxe5 19. Bh7+ Kh8) 18. Bxf5 $16 Bxf4 19. c4 Rxe1+ 20. Rxe1 Qa5 (20... Qd8 $16) 21. Qe4 $18 Bd6 22. c5 $40 {[%mdl 128] White attacks with force.} Bf8 23. g4 g6 24. Bxg6 fxg6 25. Qxg6+ Bg7 26. Re3 (26. g5 $16 Nxd4 27. Re8+ Rxe8 28. Qxe8+ Bf8 29. Nxd4) 26... Qa4 $1 $11 27. g5 h5 $1 28. Qxh5 Nxd4 29. g6 Qd1+ $2 {[%mdl 8192]} (29... Rd8 $11) 30. Kg2 $18 {[#] Intending Qd5+ and mate.} Nc2 31. Re7 {Precision: White = 59%, Black = 57%.} 1-0

[Event "50th-ITA-ch-Teams-2018"]
[Site "Gallipoli"]
[Date "2018.04.30"]
[Round "6"]
[White "David, Alberto"]
[Black "Ladron De Guevara Pinto, Paolo"]
[Result "1/2-1/2"]
[WhiteElo "2568"]
[BlackElo "2422"]
[Annotator "TA"]
[PlyCount "134"]
[EventDate "2018.??.??"]
[EventType "team-tourn"]
[EventCountry "ITA"]
[SourceTitle "playchess.com"]
[Source "ChessBase"]
[SourceQuality "1"]

{[%evp 9,134,8,16,16,13,12,15,18,11,8,25,25,27,12,8,25,16,18,17,12,27,20,18,13,39,0,40,27,19,21,36,50,43,-5,29,26,162,190,193,174,151,148,151,47,46,20,12,12,13,12,12,12,12,13,29,27,23,24,20,24,30,22,76,43,46,37,37,40,38,33,62,60,72,43,43,43,52,54,47,43,94,96,111,0,76,13,80,14,16,20,26,1,8,0,0,0,0,0,0,0,0,0,0,0,0,0,0,0,0,0,0,0,0,0,0,0,0,0,0,0,0,0,0,0,5,0,0]} 1. e4 e5 2. Nf3 Nc6 3. Bc4 Bc5 4. d3 Nf6 5. O-O O-O 6. h3 {C50: Hungarian Defence and Giuoco Pianissimo} a6 7. a4 h6 8. Re1 d6 9. c3 Ba7 10. Nbd2 Ne7 11. Nf1 Ng6 12. Ng3 c6 13. Bb3 d5 14. exd5 Nxd5 ({Don't blunder} 14... Qb6 $2 15. Be3 $18) 15. d4 exd4 16. Nxd4 {[#]} Ndf4 $146 ({Predecessor:} 16... Re8 17. Rxe8+ Qxe8 18. Bxd5 cxd5 {½-½ (40) Tomashevsky,E (2724)-Jakovenko,D (2714) Novosibirsk 2016}) 17. Qf3 Qc7 18. Nh5 $36 {[%mdl 2048] White has good play.} Nxh5 19. Qxh5 Nf4 20. Qf3 Bb8 21. g3 {[%cal Rc1f4]} Nxh3+ 22. Kg2 Qd8 {[#]} (22... Qd7 $1 $11 {and Black has nothing to worry.}) 23. Nf5 $1 $18 {[%cal Rf5e7] aiming for Ne7+.} Ng5 24. Bxg5 $1 Qxg5 25. Ne7+ Kh8 26. Bxf7 ({White should play} 26. Nxc8 $16 Rxc8 27. Rad1 (27. Qxf7 Ba7 $16) (27. Bxf7 Rd8 $16)) 26... Bd6 $1 $14 {[%cal Rd6e7]} ({Wrong is} 26... Bg4 $2 27. Qd3 $18) 27. Ng6+ {[#]} Qxg6 $1 {[%mdl 512]} 28. Bxg6 Bh3+ $1 29. Kxh3 Rxf3 30. Re2 Raf8 31. Kg2 Bc5 {[%cal Rc5f2]} 32. Rf1 R3f6 33. Bc2 g5 34. b4 Ba7 35. f3 c5 (35... Bb8 $11) 36. Re7 {Strongly threatening Rh7+.} R8f7 37. Rxf7 Rxf7 {[%mdl 4096] Endgame KRB-KRB} 38. Rd1 cxb4 39. cxb4 Re7 {Hoping for ...Re2+.} 40. Be4 g4 41. Rd8+ (41. Rd6 $5 {[%cal Rd6h6]}) 41... Kg7 42. Rd6 gxf3+ 43. Kxf3 Rf7+ 44. Ke2 Rf6 (44... Re7 $14 45. Kd3 h5) 45. Rd7+ $16 Rf7 46. Rd6 Rf6 {[#]} 47. Rd8 (47. Rxf6 $1 $16 Kxf6 48. Bxb7) 47... Rf8 (47... Bf2 $11) 48. Rd5 (48. Rxf8 $16 Kxf8 49. Bxb7) 48... Bb8 $11 49. g4 b6 50. Bf5 Bc7 {The position is equal.} 51. Rd4 a5 52. Rc4 Bd6 53. Rc6 Rf6 54. bxa5 bxa5 55. Rb6 Bb4 56. Rb7+ Rf7 57. Rb5 Rf6 58. Rb7+ Rf7 59. Rb5 Rf6 60. Kd3 Rd6+ 61. Kc4 Kf6 62. Be4 Ke7 63. Rh5 Kf7 64. Bd5+ Kg7 65. g5 hxg5 66. Rxg5+ Rg6 67. Rxg6+ Kxg6 {Precision: White = 59%, Black = 68%.} 1/2-1/2

[Event "50th-ITA-ch-Teams-2018"]
[Site "Gallipoli"]
[Date "2018.04.30"]
[Round "6"]
[White "Delchev, Aleksander"]
[Black "Jobava, Baadur"]
[Result "1/2-1/2"]
[WhiteElo "2558"]
[BlackElo "2669"]
[Annotator "TA"]
[PlyCount "34"]
[EventDate "2018.??.??"]
[EventType "team-tourn"]
[EventCountry "ITA"]
[SourceTitle "playchess.com"]
[Source "ChessBase"]
[SourceQuality "1"]

{[%evp 21,22,47,51]} 1. e4 c6 2. d4 d5 3. Nc3 dxe4 4. Nxe4 Bf5 5. Ng3 Bg6 6. Nh3 e6 7. Nf4 Qc7 8. h4 Bd6 9. Nxg6 hxg6 10. Ne4 {B18: Classical Caro-Kann: 4...Bf5 sidelines} Bf4 11. Bxf4 Qxf4 {LiveBook: 38 Games} {Predecessor:} 12. Ng5 $146 Nd7 13. g3 Qc7 14. Bg2 Ndf6 15. Qe2 Ne7 16. O-O-O Nf5 17. Rd3 O-O-O {½-½ (39) Ter Sahakyan,S (2601)-Sjugirov,S (2657) Yerevan 2015} 1/2-1/2